Centre for Facilities Management (Record no. 119518)

MARC details
000 -LEADER
fixed length control field 00687cam a2200157 4500
001 - CONTROL NUMBER
control field WS106782
008 - FIXED-LENGTH DATA ELEMENTS--GENERAL INFORMATION
fixed length control field 000000n 000 0 eng u
035 ## - SYSTEM CONTROL NUMBER
System control number (Sirsi) u106782
110 ## - MAIN ENTRY--CORPORATE NAME
Corporate name or jurisdiction name as entry element Centre for Facilities Management
9 (RLIN) 2923
245 ## - TITLE STATEMENT
Title Centre for Facilities Management
520 ## - SUMMARY, ETC.
Summary, etc. Academic web site for this organisation which 'acts as an international focus for facilities management issues'. Includes details of their publications, the latest industry news and access to other FM sites.
650 ## - SUBJECT ADDED ENTRY--TOPICAL TERM
Topical term or geographic name entry element RESEARCH
690 ## - LOCAL SUBJECT ADDED ENTRY--TOPICAL TERM (OCLC, RLIN)
Topical term or geographic name as entry element MANAGEMENT-FACILITIES MANAGEMENT
856 40 - ELECTRONIC LOCATION AND ACCESS
Uniform Resource Identifier <a href="https://www.cfm.salford.ac.uk/">https://www.cfm.salford.ac.uk/</a>
Public note View the website free of charge at www.cfm.salford.ac.uk...
942 ## - ADDED ENTRY ELEMENTS (KOHA)
Suppress in OPAC 0
Holdings
Withdrawn status Lost status Source of classification or shelving scheme Damaged status Not for loan Home library Current library Shelving location Date acquired Total Checkouts Full call number Barcode Date last seen Copy number Price effective from Koha item type
    Dewey Decimal Classification     Virtual Virtual Online 27/06/2000   WEB SITE 106782-2001 06/08/2019 1 06/08/2019 Online material